Propuesta de diseño geométrico de 3.6 km de camino de penetración con estructura de macadam, empalme Còbano 2 -comunidad el Còbano 2, municipio de Juigalpa Chontales

La presente investigación se encuentra fundamentada en la Propuesta de Diseño geométrico de 3.6 km de camino de penetración con estructura de macadam en la comunidad el Còbano 2, municipio de Juigalpa-chontales.

Bibliographic Details
Main Authors: Bonilla Espinoza, Gretel Jumara, Suárez Gaitán, Freddy Oscar
Other Authors: Tutor: Bustamante Arteaga, José Fernando
Format: Tesis Section = Libro
Language:Undetermined
Spanish
Published: Managua UNI 2022
Subjects:
LEADER 01115nam a2200265Ia 4500
008 240830s9999 xx 000 0 und d
040 |a BIBLIOTECA-RUPAP/ Mon 625.85 B715 
041 |a spa 
082 |a Mon 625.85 B715 
100 1 |a Bonilla Espinoza, Gretel Jumara 
100 1 |b Suárez Gaitán, Freddy Oscar 
245 1 0 |a Propuesta de diseño geométrico de 3.6 km de camino de penetración con estructura de macadam, empalme Còbano 2 -comunidad el Còbano 2, municipio de Juigalpa Chontales 
260 |a Managua  |b UNI  |c 2022 
300 |a 88 p. :il. 
500 |a Contiene: anexos y CD. 
502 |a Tesis (Ingeniero Civil) - UNI, 2022. 
520 3 |a La presente investigación se encuentra fundamentada en la Propuesta de Diseño geométrico de 3.6 km de camino de penetración con estructura de macadam en la comunidad el Còbano 2, municipio de Juigalpa-chontales. 
650 7 |a PAVIMENTOS 
650 7 |b  DISEÑO GEOMETRICO 
650 7 |c  ESTUDIO DE SUELO 
650 7 |d  CARRETERAS 
700 1 |a Tutor:  |b Bustamante Arteaga, José Fernando 
942 |c BK  |2 ddc 
991 |a Tesis 
999 |c 27706